| 000 | 01137pam a2200301Ia 4500 | ||
|---|---|---|---|
| 001 | ebr10006877 | ||
| 003 | CaPaEBR | ||
| 006 | m u | ||
| 007 | cr cn||||||||| | ||
| 008 | 020118s2002 caua s 000 0 eng d | ||
| 010 | _z 2002000729 | ||
| 020 | _z1886411824 (pbk.) | ||
| 040 |
_aCaPaEBR _cCaPaEBR |
||
| 035 | _a(OCoLC)70751024 | ||
| 050 | 1 | 4 |
_aQA76.73.B3 _bM28 2002eb |
| 082 | 0 | 4 |
_a005.2/768 _221 |
| 100 | 1 | _aMacDonald, Matthew. | |
| 245 | 1 | 4 |
_aThe book of VB. NET _h[electronic resource] : _b.NET insight for VB developers / _cMatthew MacDonald. |
| 246 | 3 | 0 | _aVB. NET |
| 260 |
_aSan Francisco, CA : _bNo Starch Press, _cc2002. |
||
| 300 |
_axx, 465 p. : _bill. |
||
| 533 |
_aElectronic reproduction. _bPalo Alto, Calif. : _cebrary, _d2013. _nAvailable via World Wide Web. _nAccess may be limited to ebrary affiliated libraries. |
||
| 630 | 0 | 0 | _aMicrosoft Visual BASIC. |
| 650 | 0 | _aBASIC (Computer program language) | |
| 655 | 7 |
_aElectronic books. _2local |
|
| 710 | 2 | _aebrary, Inc. | |
| 856 | 4 | 0 |
_uhttp://site.ebrary.com/lib/rucke/Doc?id=10006877 _zAn electronic book accessible through the World Wide Web; click to view |
| 999 |
_c366 _d366 |
||